000 02355nam a22002657a 4500
003 Uzh_bibl
008 260429b |||||||| |||| 00| 0 ukr d
020 _a978-966-03-7114-9
_c57.20
040 _bукр.
041 _2ukr
_aukr
080 _a821(477)
090 _a821(477)
_bК 59
100 _aКокотюха ,Андрій
245 _aАдвокат із Личаківської
_cхудож.-оформлювач Л.П. Вировець
_hТекст
260 _aХарків
_bФоліо
_c2015
300 _a283 с.
_bіл.
_fВ опр.
490 _aСерія "Ретророман"
520 _aРетрокнига «Адвокат із Личаківської» переносить читача на початок ХХ століття, а саме 1908 рік та розповідає про молодого киянина Клима Кошового, який дивом вирвався з тюрми й тікає від переслідувань царської влади до Львова. Але й тут його заарештовує поліція — біля трупа відомого адвоката Євгена Сойки. Покійний мав у місті сумнівних друзів та могутніх ворогів. Самогубство — чи вбивство?<br/><br/>Пошуки істини водять Кошового темними лабіринтами львівських вулиць. На шляху — зухвалі батяри, міські кримінальні королі та російські терористи-бомбісти. А ще поліцейський комісар Марек Віхура, в якого Клим постійно плутається під ногами. Правда приголомшить Кошового та його нового відданого друга Йозефа Шацького. Й назавжди змінить долю загадкової та впливової красуні Магди Богданович ...<br/>
521 _aДля широкого кола читачів
546 _aукр.
650 _aЛітературно-художнє видання
653 _aПереслідування
_aВбивство
655 _aДетектив
_vРоман
942 _2udc
_cBK
999 _c17553
_d17553